| 000 | 01133nam a2200325 i 4500 | ||
|---|---|---|---|
| 001 | 200462069 | ||
| 003 | TR-AnTOB | ||
| 005 | 20240809103326.0 | ||
| 007 | ta | ||
| 008 | 240725s1983 tu d 000 0 tur d | ||
| 035 | _a(TR-AnTOB)200462069 | ||
| 040 |
_aTR-AnTOB _beng _erda _cTR-AnTOB |
||
| 041 | 0 | _atur | |
| 050 |
_aHC495.I55 _bT875 1983 |
||
| 090 |
_aHC495.I55 _bT875 1983 |
||
| 245 | 0 | 0 |
_aTürkiye bilişim hizmetleri araştırması 1980_82 = _bSurvey on informatics services in Turkey. |
| 246 | 0 | 1 | _aSurvey on informatics services in Turkey |
| 264 | 1 |
_aAnkara : _bT.C. Başbakanlık Devlet İstatistik Enstitüsü, _c1983. |
|
| 300 |
_a27 pages : _btables ; _c24 cm |
||
| 336 |
_atext _btxt _2rdacontent |
||
| 337 |
_aunmediated _bn _2rdamedia |
||
| 338 |
_avolume _bnc _2rdacarrier |
||
| 490 | 0 |
_aBilişim Araştırmaları Dizisi ; _v1 |
|
| 650 | 7 |
_aBilişim teknolojisi _zTürkiye _2etuturkob _9139784 |
|
| 710 |
_aDevlet İstatistik Enstitüsü (Türkiye) _961962 |
||
| 710 | 2 |
_aOrta Doğu Teknik Üniversitesi (Ankara, Turkey) _946889 |
|
| 942 |
_2lcc _cBK |
||
| 999 |
_c200462069 _d80281 |
||